000 004540000a22001690004500
003 MACL
005 20151229123931.0
008 151229b xxu||||| |||| 00| 0 eng d
040 _aMACL
_cMACL
041 _aEnglish
082 _a150/UND
100 _aUnderhill, Evelyn
_923705
245 _aThe Mystic Way
_bA Psychological Study in Christian Origins
260 _bJ M Dent & Sons LTD
_c1913
650 _aPsychology
_923706
942 _cBK
_k150/UND
_2ddc
999 _c39256
_d39256